[Event "American Continental 2nd"]
[Site "Buenos Aires"]
[Date "2003.08.29"]
[Round "11"]
[White "Milos, Gilberto"]
[Black "Valerga, Diego"]
[Result "1-0"]
[WhiteElo "2592"]
[BlackElo "2496"]
[Annotator "Ftacnik,L"]
[PlyCount "59"]
[EventDate "2003.08.17"]
[EventType "swiss"]
[EventRounds "11"]
[EventCountry "ARG"]
[SourceTitle "CBM 097"]
[Source "ChessBase"]
[SourceDate "2003.11.11"]
[SourceVersion "1"]
[SourceVersionDate "2003.11.11"]
[SourceQuality "1"]

1. e4 c5 2. Nf3 e6 3. d4 cxd4 4. Nxd4 Nf6 5. Nc3 d6 6. g4 h6 7. g5 hxg5 8. Bxg5
Nc6 9. Qd2 a6 10. O-O-O Bd7 11. h4 Be7 12. Be2 Nxd4 {In Keres attack white
often lives with the isolated h pawn, but his opening activity is quite
substantial.} 13. Qxd4 Qa5 14. Rhg1 (14. f4 e5 15. Qd2 Be6 $13) 14... Bc6 15.
h5 Qe5 (15... Nxh5 $2 16. Bxe7 Kxe7 17. Qxd6+ Ke8 18. f4 $16) 16. Qd2 Nxe4 (
16... Bxe4 17. Bf4 Qf5 18. Rxg7 $14) 17. Nxe4 Bxe4 (17... Qxe4 $2 18. Bxe7 Kxe7
19. Qxd6+ Ke8 (19... Kf6 20. Rd4 $18) 20. Rxg7 Qxe2 21. Rdg1 $18) 18. Bxe7 Kxe7
19. Rg5 Bf5 (19... Qf6 20. Qxd6+ Ke8 21. Ra5 Qe7 22. Qe5 f5 23. Rc5 $16) 20.
Bg4 g6 $2 {[%mdl 256] Valerga had not guessed, that his exposed king will
cause him definite problems. It was much better to sacrifice the queen with
fair chances for the equality.} (20... Bxg4 $5 21. Rxe5 Bxd1 22. Rg5 Bxh5 23.
Rxg7 Rac8 $11) 21. hxg6 fxg6 (21... f6 $2 22. Re1 $1 fxg5 23. Rxe5 dxe5 24.
Qxg5+ $18) 22. Bxf5 gxf5 23. f4 Qc5 (23... Qf6 24. Qxd6+ Kf7 25. Rdg1 $18) 24.
Rg7+ Kf8 (24... Kd8 25. Qxd6+ Qxd6 26. Rxd6+ Kc8 27. Rxe6 $18) 25. Qg2 Rc8 (
25... Qe3+ 26. Kb1 Qxf4 27. Qg6 $18) 26. Rg1 {Black is obviously helpless
against the three heavy pieces along the open g file.} d5 (26... Qc6 27. Rg8+
Rxg8 28. Qxg8+ Ke7 29. Rg7+ Kf6 30. Rf7#) 27. Rxb7 Qd4 28. Qg6 Rxc2+ 29. Kb1
Rxb2+ 30. Rxb2 1-0

[Event "RUS-ch 56th"]
[Site "Krasnoyarsk"]
[Date "2003.09.05"]
[Round "3"]
[White "Svidler, Peter"]
[Black "Timofeev, Artyom"]
[Result "1-0"]
[WhiteElo "2723"]
[BlackElo "2575"]
[Annotator "Ftacnik,L"]
[PlyCount "65"]
[EventDate "2003.09.03"]
[EventType "swiss"]
[EventRounds "9"]
[EventCountry "RUS"]
[SourceTitle "CBM 098"]
[Source "ChessBase"]
[SourceDate "2004.02.03"]
[SourceVersion "1"]
[SourceVersionDate "2004.02.03"]
[SourceQuality "1"]

1. e4 c5 2. Nf3 d6 3. d4 cxd4 4. Nxd4 Nf6 5. Nc3 e6 6. g4 h6 7. h3 a6 8. f4 Nc6
9. Be3 Bd7 10. Qd2 b5 11. Bd3 Nxd4 12. Bxd4 Bc6 13. O-O-O $5 {This move is
quite daring, but all that white is risking is equality.} (13. a3 Be7 14. O-O-O
Qb8 15. g5 hxg5 16. fxg5 Nd7 17. g6 {1/2-1/2 Rytshagov,M-Sokolov,A/Bled 2002/ 
(17)}) 13... b4 14. Ne2 Qa5 (14... Nxe4 15. Qxb4 (15. Qe3 Nf6 16. Rhe1 Nd5 17.
Qf2 Qa5 $15) 15... Nc5 16. Rhe1 Nxd3+ 17. Rxd3 Rc8 $11) 15. Bxf6 gxf6 (15...
Qxa2 $4 16. Qxb4 gxf6 17. Nc3 Qa1+ 18. Kd2 $18) 16. Nd4 Bd7 (16... Qxa2 17.
Qxb4 d5 18. Qb6 Bd7 19. Qb7 Rd8 20. exd5 Bd6 21. Rhf1 $16) 17. Bc4 h5 18. Rhf1
hxg4 19. hxg4 Qc5 (19... Rc8 20. Qe2 Rc7 21. Kb1 $14) 20. Qe2 a5 21. Kb1 Rc8 (
21... a4 22. f5 Qe5 23. Bb5 b3 $14) 22. b3 (22. Ba6 Rb8 23. f5 Qe5 $11) (22.
Bb5 Bxb5 23. Nxb5 a4 24. c3 bxc3 25. Nxc3 a3 $11) 22... Ke7 $2 {Black king
must have felt safe under the protective shield of many pawns. One step
towards the enemy and the hell is breaking loose...} (22... a4 23. f5 Qe5 (
23... axb3 24. cxb3 Qe5 25. Nf3 Qg3 $11) 24. bxa4 Rh2 25. Qd3 $14) 23. e5 $1 {
[%mdl 128]} fxe5 (23... dxe5 24. fxe5 Qxe5 (24... fxe5 25. Qf3 f5 26. gxf5 exf5
27. Nxf5+ $16) 25. Qf3 Bg7 26. Rfe1 Qc7 27. Nf5+ Kf8 28. Nxg7 Kxg7 29. Rf1 Rh6
30. g5 Rg6 31. gxf6+ $18) 24. fxe5 Qxe5 25. Qf3 Rh7 (25... Qg7 26. Qb7 Kd8 27.
Bb5 Rc7 28. Qa8+ Rc8 29. Qxa5+ Ke8 30. Qa4 $18) 26. Qb7 Ke8 (26... d5 27. Rfe1
(27. Bd3 $6 Rg7 28. Qxc8 Bxc8 29. Nc6+ Kd6 30. Nxe5 Kxe5 $15) 27... Qxe1 (27...
Qc7 28. Qxd5 $18) 28. Rxe1 dxc4 29. bxc4 $18 Rxc4 $140 30. Rd1) 27. Bb5 Rd8 28.
Nc6 {Now black must have learned to regret his 22nd move.} Qc5 (28... Qe4 29.
Rfe1 Qg2 30. Re2 Qf3 31. Qc7 Be7 32. Nxd8 Bxb5 33. Nxe6 fxe6 34. Qb8+ Kf7 35.
Qxb5 $16) 29. Nxd8 Qxb5 (29... Bxb5 30. Nxe6 fxe6 31. Qb8+ Kd7 32. Rxf8 $18)
30. Qa8 Ke7 31. Nb7 Qb6 32. Nxd6 (32. Rxd6 Qc7 33. Rfd1 Bb5 34. Nxa5 $18) 32...
Qc6 33. Qxa5 1-0

[Event "Tata Steel-A 79th"]
[Site "Wijk aan Zee"]
[Date "2017.01.24"]
[Round "9"]
[White "Carlsen, Magnus"]
[Black "Van Wely, Loek"]
[Result "1-0"]
[WhiteElo "2840"]
[BlackElo "2695"]
[Annotator "Ftacnik,L"]
[PlyCount "117"]
[EventDate "2017.01.14"]
[EventType "tourn"]
[EventRounds "13"]
[EventCountry "NED"]
[EventCategory "21"]
[SourceTitle "CBM 177"]
[Source "ChessBase"]
[SourceDate "2017.03.16"]
[SourceVersion "1"]
[SourceVersionDate "2017.03.16"]
[SourceQuality "1"]

1. e4 c5 2. Nf3 e6 3. d4 cxd4 4. Nxd4 Nf6 5. Nc3 d6 6. g4 h6 7. Bg2 Nc6 8. h3 {
The position on the board is well known in the version when Black' has already
played ...a6. Naturally other moves are possible in this move order and the
best score has been when the knight has been exchanged: 8...Nxd4.} g5 (8...
Nxd4 9. Qxd4 e5 (9... Bd7 10. f4 Bc6 11. Be3 b5 (11... Qa5 12. O-O-O Nd7 13.
Kb1 Nb6 14. b4 e5 15. bxa5 exd4 16. Rxd4 Nd7 17. Nd5 O-O-O 18. Rhd1 Nc5 19. Nb4
$18 {1-0 (37) Short,N (2685)-Sax,G (2600) Debrecen 1992}) 12. O-O Nd7 13. a4
bxa4 14. Nxa4 Be7 15. Nc3 a5 16. Qc4 Qc8 17. Ra2 O-O 18. Rfa1 Bd8 19. Rd1 {
1/2-1/2 (19) Ivanov,A (2537)-Ulybin,M (2586) Moscow 2004}) 10. Qd3 (10. Qa4+
Bd7 11. Qb3 b5 12. O-O Be7 13. f4 O-O 14. g5 hxg5 15. fxg5 Nh5 16. h4 Qb6+ 17.
Kh2 Be6 18. Nd5 Bxd5 19. Qxd5 $14 {1/2-1/2 (24) Sax,G (2570)-Votava,J (2515)
Germany 1997}) 10... Be6 11. f4 (11. Be3 Be7 12. O-O-O O-O 13. f4 Qa5 14. g5
hxg5 15. fxg5 Nh7 16. h4 Bxa2 17. Qb5 Qxb5 18. Nxb5 Rfc8 19. Nxa7 Rc7 20. Nb5
Rc6 21. Kd2 $16 {1/2-1/2 (64) Zhang,Z (2596)-Movsesian,S (2629) Mallorca 2004})
11... Rc8 12. Be3 (12. f5 Bc4 13. Qe3 b5 14. b3 b4 15. Nd1 Bb5 16. c4 bxc3 17.
Nxc3 Bc6 18. Qxa7 d5 19. exd5 Bb4 20. Bd2 Bd7 21. Qe3 O-O 22. Rc1 e4 $17 {
0-1 (34) Wahls,M (2609)-Boensch,U (2533) Germany 1999}) 12... Qa5 13. f5 Bc4
14. Qd2 Be7 15. a3 Qc7 16. Kf2 b6 17. Rac1 Ba6 18. Rhd1 Qb8 19. Kg1 Bb7 20. Nd5
Bxd5 21. exd5 $11 {1-0 (76) Bacrot,E (2719)-Kempinski,R (2620) Germany 2015}) (
8... Be7 9. Be3 O-O (9... Ne5 10. f4 Nc4 11. Bf2 Bd7 12. b3 Qa5 13. Qd3 Na3 14.
O-O Rc8 15. Nce2 O-O 16. c3 Rfd8 17. Rac1 Nb5 18. a4 Nxd4 19. Nxd4 a6 20. Rfe1
$11 {1/2-1/2 (32) Hort,V (2595)-Andersson,U (2585) Valetta 1980}) (9... Nxd4
10. Qxd4 Bd7 11. f4 Bc6 12. O-O-O Qa5 13. Kb1 Nd7 14. Qd2 Nb6 15. Qe2 Rc8 16.
Bd4 O-O 17. h4 e5 18. Bxb6 axb6 19. Nd5 Bxd5 20. Rxd5 Rc5 21. f5 b5 $11 {
0-1 (39) Palac,M (2605)-Sokolov,A (2568) Metz 2001}) 10. Qe2 (10. O-O Nxd4 11.
Qxd4 e5 12. Qd3 Be6 13. Rfd1 a6 14. Ne2 Qc7 15. Ng3 Rfd8 16. Nf5 Bf8 17. g5 Nh5
18. h4 hxg5 19. hxg5 g6 $11 {0-1 (36) Ismagambetov,A (2508)-Yu,Y (2675) Tabriz
2014}) 10... Nxd4 11. Bxd4 e5 12. Be3 Be6 13. O-O-O Rc8 14. Nd5 Nxd5 15. exd5
Bd7 16. Be4 Bg5 17. Kb1 a6 18. Rdg1 Qe7 19. h4 Bxe3 20. Qxe3 f5 $11 {1-0 (67)
Grischuk,A (2606)-Ehlvest,J (2627) New Delhi/Teheran 2000}) (8... a6 {The
transposition to the known line with ...a6 is certainly playable, but it makes
more sense for Black to try using the tempo for a more useful activity.} 9. Be3
(9. Nxc6 bxc6 10. e5 Nd5 11. exd6 Bxd6 12. Ne4 Be5 13. O-O Qc7 14. c4 Nf4 15.
Bxf4 Bxf4 16. Qf3 O-O 17. Rad1 Rb8 18. b3 $11 {0-1 (58) Ganguly,S (2668)
-Vachier Lagrave,M (2804) Doha 2016}) 9... Be7 (9... Ne5 10. f4 (10. Qe2 g5 (
10... Qc7 11. f4 Nc4 12. Bc1 Bd7 13. b3 Nb6 14. Qd3 Rc8 15. Bb2 e5 16. Nde2 Be7
17. O-O-O Bc6 18. Kb1 Nbd7 19. Rhf1 Nc5 20. Qe3 $16 {1-0 (79) Leko,P (2743)
-Sasikiran,K (2573) Istanbul 2000}) 11. f4 gxf4 12. Bxf4 Nfd7 (12... Bd7 13.
O-O-O Rc8 14. Kb1 Be7 15. Rhf1 Rxc3 16. bxc3 Qc7 17. Qe1 Nc4 18. Bc1 Ne5 19.
Ka1 Ba4 20. g5 hxg5 21. Bxg5 $14 {1/2-1/2 (27) Timofeev,A (2677)-Movsesian,S 
(2747) Dagomys 2009}) 13. O-O-O b5 14. Qf2 Bb7 15. Kb1 Qb6 16. Rhf1 Be7 17. Be3
Qc7 18. Nf3 Rh7 19. Bd4 $11 {1-0 (36) Nakamura,H (2710)-Ponomariov,R (2727)
San Sebastian 2009}) 10... Nc4 11. Qe2 Nxe3 12. Qxe3 Qb6 13. e5 dxe5 14. fxe5
Nd7 15. O-O-O Be7 16. h4 Qc7 17. Rde1 Nb6 18. b3 Bd7 19. Qg3 Rc8 20. Ne4 Nd5
21. Nd6+ Bxd6 22. exd6 Qc5 23. Bxd5 Qxd4 24. Bxb7 Qa1+ $11 {1/2-1/2 (27)
Svidler,P (2726)-Movsesian,S (2747) Odessa 2009}) 10. f4 Nd7 (10... Qc7 11. Qd2
Na5 12. b3 Nc6 13. O-O-O Nxd4 14. Bxd4 e5 15. Be3 exf4 16. Bxf4 Be6 17. Rhe1
O-O 18. Ne2 Ne8 19. Nd4 Bf6 20. g5 hxg5 21. Bxg5 $11 {1/2-1/2 (39) Svidler,P 
(2735)-Sokolov,A (2591) Germany 2005}) 11. O-O Nxd4 12. Qxd4 O-O 13. Qd2 Rb8
14. Ne2 b5 15. Rad1 Qc7 16. f5 Nf6 17. Ng3 Bb7 18. Kh1 Rbd8 19. Bxh6 gxh6 20.
Qxh6 d5 21. g5 Qxg3 22. Rd3 $16 {1-0 (29) Anand,V (2804)-Vachier Lagrave,M 
(2723) Stavanger 2015}) (8... Bd7 9. Be3 (9. f4 a6 10. Be3 Be7 11. Qe2 Qc7 12.
O-O-O (12. Nb3 b5 13. a3 Rc8 14. O-O Nh7 15. Rad1 O-O 16. Qf2 b4 17. Na4 bxa3
18. bxa3 Nb8 19. Nb6 Rce8 20. c4 $16 {1-0 (37) Short,N (2660)-Sokolov,A (2596)
Bazna 2008}) 12... Rc8 13. Nxc6 Bxc6 14. Bd4 b5 15. e5 dxe5 16. Bxe5 Qb7 17.
Rhg1 b4 18. Bxf6 Bxf6 19. Ne4 Bxe4 20. Bxe4 Qc7 21. Qf3 g6 22. Kb1 O-O $11 {
0-1 (54) Adams,M (2719)-Van Wely,L (2655) Dortmund 2005}) (9. O-O Be7 10. Be3
a6 11. f4 Qc7 12. a4 Rc8 13. Nb3 Na5 14. Nxa5 Qxa5 15. Qd2 Rc4 16. Rad1 Bc6 17.
Qd3 Rb4 18. b3 O-O 19. g5 hxg5 20. fxg5 Nd7 21. Na2 $16 {1-0 (47) Short,N 
(2650)-Sokolov,A (2605) Rotterdam 1989}) 9... Ne5 (9... a6 10. Qe2 Nxd4 11.
Bxd4 e5 12. Be3 Rc8 13. O-O Be7 14. f4 exf4 15. Rxf4 Be6 16. Rd1 {1/2-1/2 (16)
Bruzon Batista,L (2648)-Ehlvest,J (2597) Merida 2006}) 10. Qe2 Rc8 11. f4 (11.
O-O-O Rxc3 12. bxc3 Qa5 13. f4 Qxc3 14. fxe5 dxe5 15. Rd3 Qa1+ 16. Kd2 Bb4+ 17.
c3 Qb2+ 18. Nc2 Ba5 19. Qd1 Bc6 20. Qb1 Qxb1 21. Rxb1 $16 {1-0 (29) Naiditsch,
A (2697)-Ponomariov,R (2727) Villarrobledo 2009}) 11... Nc4 12. O-O-O Qb6 13.
b3 Nxe3 14. Qxe3 e5 15. Nd5 Qc5 16. c4 exd4 17. Rxd4 Nxd5 18. exd5+ Kd8 19. Qc3
Be7 20. b4 Qb6 $19 {0-1 (25) Naiditsch,A (2689)-Ponomariov,R (2739) Moscow 2009
}) 9. Nxc6 {Carlsen has never been known as a great expert in theory and he
decides to try a sound positional approach by activating the bishop on g2.} (9.
Be3 Ne5 10. Qe2 Bd7 11. O-O-O Rc8 12. Ndb5 Rc6 13. f4 gxf4 14. Bxf4 Qb8 15.
Rhf1 Be7 16. g5 hxg5 17. Bxg5 Ng8 18. h4 a6 19. Nd4 Rxc3 20. bxc3 Qc7 21. Qe1
$14 {1-0 (44) Forster,R (2463)-Atlas,V (2475) Switzerland 2002}) 9... bxc6 10.
e5 Nd5 (10... dxe5 11. Bxc6+ Bd7 12. Bxa8 Qxa8 13. Rg1 Bc6 14. Qe2 $16) 11.
exd6 Qxd6 $6 {If Van Wely would like to play the line again he should look
into the much more natural recapture with the bishop. The queen comes to the
fore way too soon and will become vulnerable on d6.} (11... Bxd6 $5 12. Ne4 Be5
13. c4 Nf4 $11) 12. O-O Ba6 13. Re1 Be7 14. Ne4 Qc7 15. c4 Nb4 (15... Bxc4 $2
16. Qd4 $18) (15... Nf4 16. Bxf4 gxf4 17. Qa4 $16) 16. b3 {In order not to
criticise the choice of the much better player I will just note, that
developing the bishop to e3 would have been unpleasant for Black.} (16. Be3 $5
Rd8 17. Qb3 Rd3 18. Nc3 $16) 16... Rd8 17. Qf3 Nd3 18. Rd1 Nxc1 19. Raxc1 Qf4 {
The opening has not helped Black to full equality as White has the better
pieces and pawn structure.} (19... O-O 20. Nf6+ Kg7 21. Nh5+ Kg8 22. Qc3 f6 23.
Rxd8 Bxd8 24. Rd1 $16) 20. Rxd8+ Bxd8 (20... Kxd8 $2 21. Rd1+ Ke8 22. Qc3 $18)
21. Qxf4 gxf4 22. Nc5 Bc8 23. Bxc6+ {Losing a pawn in a simple position is
dangerous, especially against a player with very good endgame technique.} Ke7
24. Bf3 (24. Rd1 h5 25. g5 $16) 24... Bb6 25. Nd3 Rd8 26. Nb4 Bd7 (26... Rd2
27. c5 $16) 27. c5 {The concept of restricting the opponent's pieces
represents a powerful strategic measure. Rather than advancing towards the
promotion square the pawn is helping to limit the dark-squared bishop.} Ba5 28.
Rc4 Rc8 (28... Bc7 29. Na6 Be5 30. a4 $16) 29. c6 Bxb4 {Van Wely had no better
choice than transposition to the rook endgame a pawn down.} (29... Be8 30. Rxf4
$16) 30. Rxb4 Bxc6 31. Bxc6 Rxc6 32. Rxf4 {[%mdl 4096] A rather instructive
moment and typical for Carlsen. Instead of givig Black the chance for real
counterplay in the line 32.Rb7 the world champion prefers rather to work
longer in an endgame with an extra pawn.} (32. Rb7+ Kf6 33. Rxa7 Rc2 34. a4 e5
$16) 32... a5 (32... Ra6 33. a4 Rb6 34. b4 $16) 33. Kg2 (33. Rc4 Rd6 (33...
Rxc4 34. bxc4 Kd6 35. f4 Kc5 36. h4) 34. Rc5 a4 35. bxa4 Rd3 36. Kg2 Ra3 37.
Ra5 Rxa2 38. Kg3 $16) 33... Rc5 34. h4 Rd5 35. Kf3 f6 {Once the pawn is
missing all the choices in the endgame become difficult. Black can wait and
slowly die or fight back and hope for a small miracle.} (35... Rd3+ 36. Ke2 Rh3
37. h5 f5 38. Ra4 fxg4 39. Rxa5 $16) 36. Ke3 h5 (36... Rb5 37. f3 Rd5 38. Rc4
$16) 37. f3 hxg4 (37... Rb5 38. Rc4 Kf7 39. Rc6 Rd5 40. a4 $16) 38. fxg4 Rd1
39. Ra4 Re1+ (39... Rh1 40. h5 f5 41. Rxa5 Kf6 42. gxf5 Rxh5 43. Kf4 $16) 40.
Kf3 Re5 41. Rc4 Rd5 42. h5 {The passed pawn on h5 will play an important role
as Black will have to watch out for its sudden rush forward.} Rd2 43. Ra4 Rd5
44. Ke3 Rg5 45. Rc4 Kd6 (45... f5 46. h6 Kf6 47. gxf5 Rh5 48. fxe6 Rxh6 49. Re4
Ke7 50. Kd4 $18) 46. Kf4 Rd5 $6 (46... e5+ 47. Kg3 Rg8 48. Kf3 $18) 47. Rc8 $1
Rd4+ 48. Kg3 {White is not active effectively on both flanks and the defence
becomes overwhelmed.} Kd7 (48... Rd3+ 49. Kh4 Kd7 50. Ra8 Rd1 51. Kg3 $18) 49.
Ra8 Rd3+ 50. Kg2 (50. Kf4 Rh3 51. Rxa5 $18) 50... Rd2+ 51. Kf3 Rd3+ (51... Rxa2
$2 52. h6 $18) 52. Ke4 Rh3 53. Rxa5 e5 54. Kf5 Rf3+ 55. Kg6 e4 56. h6 e3 57. h7
Rh3 (57... e2 58. h8=Q e1=Q 59. Rd5+ Kc6 60. Qa8+ $18) 58. Ra7+ Kd6 59. Ra8 {
Defending a worse endgame against Carlsen is well known to be a task which is
not for the faint-hearted....} (59. Ra8 e2 60. Re8 Rh4 61. Rxe2 Rxg4+ 62. Kh5
Rg5+ 63. Kh4 Rg1 64. Rh2 $18) 1-0

[Event "Reggio Emilia 0001 43th"]
[Site "Reggio Emilia"]
[Date "2001.01.03"]
[Round "5"]
[White "Efimov, Igor"]
[Black "Naumkin, Igor"]
[Result "1-0"]
[WhiteElo "2520"]
[BlackElo "2440"]
[Annotator "Ftacnik,L"]
[PlyCount "55"]
[EventDate "2000.12.30"]
[EventType "tourn"]
[EventRounds "9"]
[EventCountry "ITA"]
[EventCategory "8"]
[SourceTitle "CBM 081"]
[Source "ChessBase"]
[SourceDate "2001.03.20"]
[SourceVersion "1"]
[SourceVersionDate "2001.03.20"]
[SourceQuality "1"]

1. e4 c5 2. Nf3 Nf6 3. Nc3 d6 4. d4 cxd4 5. Nxd4 e6 6. g4 Nc6 7. g5 Nd7 8. Rg1
Be7 9. Rg3 O-O 10. Be3 a6 11. Qe2 Nxd4 12. Bxd4 Re8 13. Qh5 b5 14. O-O-O Nf8
15. Rdd3 b4 16. Bxg7 $3 {[%mdl 8] Some games are simply tragedies of a single
move. The timely sacrifice of the bishop destroys black's defense, the
variation is unplayble for black.} (16. Rdf3 e5 (16... g6 $2 17. Qh6 e5 18. Nd5
exd4 19. Nf6+ Kh8 20. Bh3 $1 $18) 17. Qxf7+ Kh8 18. Bb6 $1 Bxg5+ 19. Kb1 Qe7
20. Nd5 Qxf7 21. Rxf7 Ne6 22. Bc4 h6 23. Rd3 {1-0 Ljubojevic,L-Hjartarson,J/
Barcelona/1989/ (43)}) 16... bxc3 (16... Kxg7 17. Rdf3 bxc3 (17... Kh8 18. Rxf7
bxc3 19. Qh6 $18) 18. Rxf7+ Kg8 19. g6 cxb2+ 20. Kb1 hxg6 21. Rxg6+ Kxf7 22.
Rg5+ Kf6 23. Qh6+ Kf7 24. Qg7#) 17. Rdf3 Ng6 (17... Kxg7 18. Rxf7+ $18) 18.
Bxc3 Rf8 (18... Bb7 19. Rxf7 $1 $18) 19. Bf6 (19. Kb1 $5 e5 (19... Bb7 20. Rh3
Nh4 21. Qxh7+ Kxh7 22. Rxh4+ Kg6 23. Rh6+ Kxg5 24. Bd2+ Kg4 25. Rg3#) 20. Rh3
Bxh3 21. Rxh3 Re8 22. Qxh7+ Kf8 23. Bc4 $18) 19... Qa5 20. b4 {White has to
avoid mate on e1, but if he succeeds the fate of the game is sealed.} (20. Qh6
$4 Qe1#) (20. Kd1 Bxf6 21. Rh3 Rd8 22. Qxh7+ Kf8 23. gxf6 Ke8 24. Qg8+ Kd7 25.
Qxf7+ Kc6 26. Rc3+ $18) 20... Qxb4 (20... Qxa2 21. Qh6 $18) 21. Rh3 Qe1+ 22.
Kb2 Qb4+ (22... Rb8+ 23. Rb3 Bxf6+ 24. gxf6 $18) 23. Kc1 Qe1+ 24. Kb2 Qb4+ 25.
Rb3 Bxf6+ 26. gxf6 Qd4+ 27. Rbc3 (27. Kc1 Qa1+ 28. Rb1 $18) 27... Rb8+ 28. Kc1
1-0

[Event "Budapest zt-A"]
[Site "Budapest"]
[Date "1993.??.??"]
[Round "7"]
[White "Georgiev, Kiril"]
[Black "Suba, Mihai"]
[Result "1-0"]
[WhiteElo "2660"]
[BlackElo "2520"]
[Annotator "Ftacnik,L"]
[PlyCount "73"]
[EventDate "1993.03.??"]
[EventType "tourn"]
[EventRounds "11"]
[EventCountry "HUN"]
[EventCategory "11"]
[SourceTitle "CBM 034"]
[Source "ChessBase"]
[SourceDate "1993.06.01"]
[SourceVersion "1"]
[SourceVersionDate "1993.06.01"]
[SourceQuality "1"]

1. e4 c5 2. Nf3 d6 3. d4 Nf6 4. Nc3 cxd4 5. Nxd4 e6 6. g4 h6 7. h4 a6 8. Bg2
Nc6 9. g5 hxg5 10. hxg5 Rxh1+ 11. Bxh1 Nd7 12. f4 (12. Bg2 g6 13. f4 Qb6 14.
Nde2 Qc5 15. Qd3 b5 16. b3 Bb7 17. Bb2 Rc8 18. O-O-O Nb4 19. Qd2 Nxc2 20. Kxc2
b4 21. Kb1 Qf2 22. Bh1 bxc3 23. Bxc3 Qa7 24. Bb2 Qa8 25. Qe3 Nc5 26. Nc3 $16 {
Nunn,J-Bischoff,K/Lugano/1986/}) 12... Qb6 13. Nde2 g6 14. b3 Rb8 (14... Qc7
15. Bb2 b5 16. Qd2 Bb7 17. Nd1 O-O-O 18. Ne3 Be7 19. O-O-O Nb6 20. Kb1 Kb8 21.
Nc1 d5 22. exd5 exd5 23. Ng4 d4 24. Bxc6 Bxc6 25. Ne5 Be4 26. Qe2 $16 {
Gruenfeld,Y-Bischoff,K/Muenchen zt/1987/}) (14... Qc5 15. Qd2 b5 16. Bb2 Bb7
17. O-O-O O-O-O 18. Kb1 Qf2 19. Re1 Be7 20. Nd1 Qc5 21. Ne3 e5 22. Nd5 Qf2 23.
Qd1 exf4 24. Rf1 Qh2 25. Nxe7+ Nxe7 26. Nxf4 $16 {Short,N-Kindermann,S/
Dortmund (6)/1986/}) 15. Bb2 Qc7 16. Qd2 b5 17. O-O-O (17. Bg2 a5 $6 (17... Qa5
) 18. Nd1 $1 $16 a4 19. Ne3 b4 20. O-O-O Ba6 21. Kb1 axb3 22. axb3 Bb5 23. Rh1
Ra8 24. Rh7 Qa7 25. Nc1 Be7 $2 (25... Qc5 $16) 26. Nd5 $1 $18 {Watson,W-Suba,M/
Kuala Lumpur/1992/}) 17... Nb6 18. a3 (18. Bg2 b4 19. Nb1 a5 $132) 18... Bd7 (
18... e5 19. fxe5 Nxe5 (19... dxe5 20. Nd5 Nxd5 21. exd5 $18) 20. Nf4 Bb7 21.
Bg2 $16) 19. Bg2 b4 20. axb4 Nxb4 21. Rh1 a5 (21... Bg7 22. Rh7 Na2+ (22... Kf8
23. Rxg7 $1 Kxg7 24. Nd5+ $18) 23. Kb1 (23. Nxa2 Bxb2+ 24. Kxb2 $2 Nc4+ $19)
23... Nxc3+ 24. Nxc3 Bf8 25. Rh8 $16) 22. Rh8 Qc5 (22... a4 $2 23. Qd4 $1 (23.
Ba3 Nc8 24. Nxa4 Bxa4 25. Bxb4 Bxb3 $13) 23... axb3 (23... Qc5 24. Rxf8+ Kxf8
25. Qh8+ Ke7 26. Nd5+ $1 N6xd5 27. Bf6+ Nxf6 28. gxf6#) 24. Rxf8+ $1 Kxf8 25.
Qh8+ Ke7 26. Nd5+ N6xd5 (26... exd5 27. Bf6+ Ke6 28. Bh3#) 27. Bf6+ Nxf6 28.
gxf6#) 23. Qd4 Qxd4 (23... Rc8 $2 24. Rxf8+ $1) 24. Nxd4 Rc8 25. e5 dxe5 (25...
d5 26. Ba3 $1 Bc6 (26... Ke7 27. Na2 Bg7 28. Nxb4 Bxh8 29. Nxd5+ Ke8 30. Nxb6
$18) 27. Bf1 (27. Nxc6 Rxc6 28. Kd2 Nd7 29. Bxb4 axb4 30. Nb5 Ke7 31. Nd6 $16)
27... Kd7 28. Kd2 Be7 29. Rh7 Rf8 30. Ncb5 $16) 26. fxe5 Ke7 (26... a4 $2 27.
Ba3 Rxc3 28. Bxb4 $18) 27. Rh7 (27. Ne4 Bg7 28. Rxc8 Nxc8 29. Nf6 $16) 27...
Rc5 (27... Nc6 $2 28. Bxc6 Bxc6 29. Ba3+ Ke8 30. Bxf8 Bb7 31. Rh8 $18) (27...
Be8 28. Nxe6 $1 (28. Be4 Nd7 29. Nf3 Kd8 30. Na4) 28... Kxe6 (28... Rxc3 29.
Bxc3 Kxe6 30. Bh3+ Kd5 31. Rh8 Na2+ 32. Kd2 Nxc3 33. Rxf8 Ne4+ 34. Ke3 Bc6 35.
Bg2 Kxe5 36. Bxe4 Bxe4 37. Re8+ Kf5 38. Rxe4 $18) 29. Bh3+ Ke7 30. Bxc8 Nxc8
31. Ba3 $16) 28. Ne4 Rc7 (28... Nd3+ 29. Kb1 $18) 29. Ba3 Be8 (29... Ke8 30.
Rh8 (30. Nd6+ Kd8 31. Nxf7+ Kc8 32. Nd6+ $18) 30... N6d5 31. Kd2 $18) 30. c3
Kd8 (30... N6d5 31. Kd2 $18) 31. Kd2 a4 (31... Rd7 32. Nf6 $18) 32. Bxb4 Bxb4
33. cxb4 axb3 (33... a3 34. Nc5 a2 35. Nc2 $18) 34. Nc5 (34. Nxb3 Nc4+ 35. Ke2
Nxe5 $16) 34... Nc4+ 35. Kc3 Nxe5 (35... b2 36. Ndxe6+ Kc8 37. Be4 $18) 36.
Kxb3 Bd7 37. Nf3 1-0